Pháp luật về trao quyền sử dụng đất từ nhà nước cho các chủ thể kinh doanh bất động sản tại Việt Nam : Sách chuyên khảo
Trình bày về cấu trúc quyền sở hữu đất đai, quy trình, hình thức và phương thức trao quyền sử dụng đất từ Nhà nước của Việt Nam và một số quốc gia có nền kinh tế thị trưởng phát triển như Hoa Kỳ, Pháp và Trung Quốc....
Spremljeno u:
| Glavni autor: | |
|---|---|
| Format: | Knjiga |
| Jezik: | Undetermined |
| Izdano: |
Hà Nội
Công an Nhân dân
2018
|
| Teme: | |
| Oznake: |
Dodaj oznaku
Bez oznaka, Budi prvi tko označuje ovaj zapis!
|
| Thư viện lưu trữ: | Trung tâm Học liệu Trường Đại học Cần Thơ |
|---|
| LEADER | 01165nam a2200229Ia 4500 | ||
|---|---|---|---|
| 001 | CTU_229627 | ||
| 008 | 210402s9999 xx 000 0 und d | ||
| 082 | |a 346.597043 | ||
| 082 | |b H305 | ||
| 100 | |a Ninh, Thị Hiền | ||
| 245 | 0 | |a Pháp luật về trao quyền sử dụng đất từ nhà nước cho các chủ thể kinh doanh bất động sản tại Việt Nam : | |
| 245 | 0 | |b Sách chuyên khảo | |
| 245 | 0 | |c Ninh Thị Hiền | |
| 260 | |a Hà Nội | ||
| 260 | |b Công an Nhân dân | ||
| 260 | |c 2018 | ||
| 520 | |a Trình bày về cấu trúc quyền sở hữu đất đai, quy trình, hình thức và phương thức trao quyền sử dụng đất từ Nhà nước của Việt Nam và một số quốc gia có nền kinh tế thị trưởng phát triển như Hoa Kỳ, Pháp và Trung Quốc. | ||
| 650 | |a Quyền sử dụng đất,Land tenure | ||
| 650 | |x Luật và pháp chế,Law and legislation | ||
| 650 | |z Việt Nam,Vietnam | ||
| 910 | |b nthai | ||
| 980 | |a Trung tâm Học liệu Trường Đại học Cần Thơ | ||